[Event "8th ITLukavac 2019"]
[Site "Lukavac, hotel Lukavac"]
[Date "2019.11.24"]
[Round "5"]
[Board "39"]
[White "Mrkovic, Nikola"]
[Black "Babajic, Ehlimana"]
[Result "1-0"]
[WhiteElo "1555"]
[BlackElo "1247"]
[PlyCount "71"]
[EventDate "2019.11.22"]
[EventRounds "7"]
[EventCountry "BIH"]

1. e4 b6 2. d4 d5 3. exd5 Qxd5 4. Nc3 Qd8 5. Nf3 g6 6. Be2 Bg7 7. O-O Nf6 8. h3
O-O 9. Re1 Bb7 10. Be3 Nc6 11. Qd2 e6 12. Rad1 Re8 13. a3 Nd5 14. Nxd5 Qxd5 15.
c3 Qd7 16. Bf4 Rad8 17. Qc2 Qe7 18. Qa4 Qd7 19. Bb5 a6 20. Bxc6 Bxc6 21. Qxa6
Ra8 22. Qd3 Ra5 23. Ne5 Bxe5 24. Bxe5 Qd5 25. f3 Rc8 26. Qd2 Ba4 27. Qh6 f6 28.
Bxf6 Qd7 29. Rd2 Rh5 30. Qe3 Rf5 31. Bh4 Bb3 32. Qd3 g5 33. Bg3 Qd5 34. Re5 Bc4
35. Rxf5 Bxd3 36. Rxd5  1-0

[Event "8th ITLukavac 2019"]
[Site "Lukavac, hotel Lukavac"]
[Date "2019.11.24"]
[Round "5"]
[Board "41"]
[White "Unuvar, Kaan"]
[Black "Huremovic, Fadil"]
[Result "0-1"]
[WhiteElo "1144"]
[BlackElo "1795"]
[PlyCount "114"]
[EventDate "2019.11.22"]
[EventRounds "7"]
[EventCountry "BIH"]

1. e4 c5 2. c3 e5 3. Nf3 Nc6 4. Bc4 h6 5. d4 cxd4 6. cxd4 Qe7 7. Nc3 Nf6 8. O-O
Qb4 9. Qd3 d6 10. Bd2 Qb6 11. dxe5 Nxe5 12. Nxe5 dxe5 13. a3 Be7 14. Be3 Qd8
15. Bb5+ Kf8 16. Qxd8+ Bxd8 17. Bc5+ Be7 18. Rfd1 Bg4 19. f3 Bxc5+ 20. Kf1 Be6
21. Rd2 a6 22. Ba4 b5 23. Bc2 Ke7 24. Rad1 Rhd8 25. Ke2 Bc4+ 26. Ke1 Rxd2 27.
Rxd2 Rd8 28. Rxd8 Kxd8 29. b4 Bd4 30. Ne2 Bb2 31. a4 Ba3 32. axb5 axb5 33. Ng3
Bxb4+ 34. Kd1 g6 35. h3 Ke7 36. Kc1 Be1 37. Nh1 Bf1 38. Kd1 Bc3 39. Ng3 Bxg2
40. Ke2 Bxh3 41. Kf2 Be6 42. Ne2 Bd2 43. Ng3 Bc4 44. Kg2 b4 45. Nf1 Bc1 46. Kf2
b3 47. Bb1 h5 48. Ne3 Be6 49. Ke2 h4 50. Kf2 h3 51. Nf1 Bf4 52. Kg1 Bc4 53. Nh2
Be2 54. Kh1 b2 55. Bc2 Bxh2 56. Kxh2 Bxf3 57. Kxh3 Bxe4  0-1

[Event "8th ITLukavac 2019"]
[Site "Lukavac, hotel Lukavac"]
[Date "2019.11.24"]
[Round "5"]
[Board "42"]
[White "Siljegovic, Nadina"]
[Black "Osmic, Enis"]
[Result "0-1"]
[WhiteElo "1247"]
[BlackElo "1552"]
[PlyCount "54"]
[EventDate "2019.11.22"]
[EventRounds "7"]
[EventCountry "BIH"]

1. e4 e5 2. Nf3 Nc6 3. Nc3 Bc5 4. Bc4 d6 5. d3 h6 6. h3 Nf6 7. O-O O-O 8. Be3
Bb6 9. d4 exd4 10. Nxd4 Nxd4 11. Bxd4 Bxd4 12. Qxd4 Be6 13. Bb3 a6 14. Rfe1 Re8
15. Nd5 Nxd5 16. Bxd5 Qg5 17. Re3 Bxd5 18. exd5 Rxe3 19. fxe3 Re8 20. Re1 Re5
21. e4 f5 22. Qc4 Qe7 23. Qb4 b6 24. Kf2 fxe4 25. Kg3 e3 26. Kf3 Rf5+ 27. Kg4
Qg5#  0-1

[Event "8th ITLukavac 2019"]
[Site "Lukavac, hotel Lukavac"]
[Date "2019.11.25"]
[Round "6"]
[Board "1"]
[White "Buljubasic, Sabahudin"]
[Black "Djuric, Zoran"]
[Result "1-0"]
[WhiteElo "2342"]
[BlackElo "2192"]
[PlyCount "93"]
[EventDate "2019.11.22"]
[EventRounds "7"]
[EventCountry "BIH"]

1. e4 e5 2. Nf3 Nc6 3. d4 d6 4. Nc3 Nge7 5. Bc4 Nxd4 6. Nxd4 exd4 7. Qxd4 Nc6
8. Qe3 Be7 9. Bd2 Bf6 10. O-O-O Be6 11. Nd5 Ne5 12. Bb3 Bxd5 13. Bxd5 O-O 14.
f4 Nd7 15. g4 c6 16. Bb3 Qb6 17. g5 Qxe3 18. Bxe3 Be7 19. h4 Rfd8 20. h5 Kf8
21. h6 g6 22. f5 Ke8 23. Rh2 Nc5 24. f6 Nxb3+ 25. axb3 Bf8 26. Bf4 Kd7 27. Bxd6
Bxd6 28. e5 Kc7 29. exd6+ Rxd6 30. Rxd6 Kxd6 31. Re2 Rd8 32. Re7 Rd7 33. Re8
Kd5 34. c4+ Kd6 35. Rh8 Ke6 36. Rxh7 Kf5 37. Rg7 Rd8 38. h7 Rh8 39. Rxf7 Kxg5
40. Rxb7 Kxf6 41. Rxa7 g5 42. Rc7 g4 43. Kd2 Re8 44. Rxc6+ Kg5 45. Rc7 Kg6 46.
Re7 Rf8 47. c5  1-0

[Event "8th ITLukavac 2019"]
[Site "Lukavac, hotel Lukavac"]
[Date "2019.11.25"]
[Round "6"]
[Board "2"]
[White "Trkulja, Goran"]
[Black "Onur, Cigdem"]
[Result "1-0"]
[WhiteElo "2298"]
[BlackElo "1940"]
[PlyCount "105"]
[EventDate "2019.11.22"]
[EventRounds "7"]
[EventCountry "BIH"]

1. e4 c5 2. Nf3 e6 3. b3 d5 4. exd5 exd5 5. d4 Nf6 6. Bb5+ Nc6 7. O-O Bd6 8.
Re1+ Be6 9. Ba3 Qb6 10. Nc3 cxd4 11. Bxc6+ bxc6 12. Na4 Qc7 13. Bxd6 Qxd6 14.
Qxd4 O-O 15. Nc5 Nd7 16. Nxd7 Bxd7 17. Rad1 Rfe8 18. Rxe8+ Rxe8 19. Qxa7 Bg4
20. Re1 Rxe1+ 21. Nxe1 h6 22. Qd4 Qe6 23. Qe3 Qxe3 24. fxe3 Kf8 25. Nd3 Bf5 26.
Nb4 Bd7 27. Na6 Ke7 28. Kf2 Kd6 29. b4 Ke5 30. Nc5 Bf5 31. c3 Bc8 32. a4 Kd6
33. a5 Kc7 34. Kf3 Bf5 35. Kf4 Bc8 36. Ke5 f6+ 37. Kd4 Bf5 38. e4 dxe4 39. Nxe4
Bc8 40. c4 f5 41. Nc5 f4 42. b5 cxb5 43. cxb5 g5 44. b6+ Kc6 45. b7 Bxb7 46.
Nxb7 Kxb7 47. Ke5 Ka6 48. Kf5 Kxa5 49. h3 Kb5 50. Kg6 Kc4 51. Kxh6 g4 52. hxg4
Kd4 53. g5  1-0

[Event "8th ITLukavac 2019"]
[Site "Lukavac, hotel Lukavac"]
[Date "2019.11.25"]
[Round "6"]
[Board "3"]
[White "Aleksic, Neven"]
[Black "Muratovic, Efim"]
[Result "0-1"]
[WhiteElo "2182"]
[BlackElo "2398"]
[PlyCount "58"]
[EventDate "2019.11.22"]
[EventRounds "7"]
[EventCountry "BIH"]

1. d4 Nf6 2. c4 g6 3. Nc3 d5 4. cxd5 Nxd5 5. Bd2 Bg7 6. e4 Nb6 7. Be3 O-O 8. h3
Nc6 9. Nf3 Na5 10. b3 f5 11. exf5 Bxf5 12. Be2 Nc6 13. O-O Nb4 14. Rc1 N4d5 15.
Nxd5 Nxd5 16. Qd2 Qd6 17. Bh6 Be4 18. Bxg7 Kxg7 19. Ng5 Bxg2 20. Kxg2 Nf4+ 21.
Kh1 Qd5+ 22. Nf3 Nxe2 23. Qxe2 Rxf3 24. Qe5+ Qxe5 25. dxe5 c6 26. Kg2 Rd3 27.
Rc2 Rad8 28. f4 Kf7 29. f5 Rd2+  0-1

[Event "8th ITLukavac 2019"]
[Site "Lukavac, hotel Lukavac"]
[Date "2019.11.25"]
[Round "6"]
[Board "4"]
[White "Bojo, Leon"]
[Black "Mrndjic, Muamer"]
[Result "1-0"]
[WhiteElo "2119"]
[BlackElo "2224"]
[PlyCount "81"]
[EventDate "2019.11.22"]
[EventRounds "7"]
[EventCountry "BIH"]

1. d4 Nf6 2. Nf3 g6 3. c4 Bg7 4. Nc3 O-O 5. Bg5 c5 6. d5 d6 7. e3 h6 8. Bh4 Qb6
9. Qc1 g5 10. Bg3 Bf5 11. Nd2 Nh5 12. Be2 Nxg3 13. hxg3 Nd7 14. O-O Ne5 15. e4
Bg4 16. Bxg4 Nxg4 17. Qc2 a6 18. Rab1 Rab8 19. Qd1 Ne5 20. Qe2 Qa5 21. f4 gxf4
22. gxf4 Ng6 23. g3 b5 24. e5 f5 25. Qh5 Nh8 26. Nf3 b4 27. Nd1 b3 28. a3 dxe5
29. fxe5 Nf7 30. Qg6 Rb6 31. e6 Nd6 32. Ne3 Rf6 33. Qh5 Rb8 34. Rbd1 Rbf8 35.
Nh4 Qc7 36. Nhxf5 Nxf5 37. Nxf5 Kh8 38. d6 Qb8 39. dxe7 Rg8 40. Rd8 Rxf5 41.
Rxb8  1-0

[Event "8th ITLukavac 2019"]
[Site "Lukavac, hotel Lukavac"]
[Date "2019.11.25"]
[Round "6"]
[Board "5"]
[White "Coric, Ahmed"]
[Black "Bandic, Adnan"]
[Result "0-1"]
[WhiteElo "2104"]
[BlackElo "2218"]
[PlyCount "126"]
[EventDate "2019.11.22"]
[EventRounds "7"]
[EventCountry "BIH"]

1. d4 d5 2. Bf4 e6 3. e3 c6 4. c3 Bd6 5. Nf3 Ne7 6. Bd3 Qc7 7. Bxd6 Qxd6 8.
Nbd2 Nd7 9. e4 Qf4 10. O-O O-O 11. Re1 Ng6 12. Qe2 Qh6 13. Qe3 Qxe3 14. Rxe3 b6
15. a4 Bb7 16. a5 Nf6 17. a6 Bc8 18. c4 Rd8 19. b4 Bd7 20. h3 Rac8 21. e5 Ne8
22. Nb3 Nf4 23. c5 Rb8 24. Rc1 bxc5 25. Nxc5 Bc8 26. Rb1 Nxd3 27. Rxd3 Rb6 28.
Ra3 Nc7 29. Kh2 Kf8 30. Kg3 Ke7 31. Kf4 Bd7 32. Ra4 Rdb8 33. Rb3 Bc8 34. Ke3 f6
35. g4 Nxa6 36. Nxa6 Rxa6 37. Rxa6 Bxa6 38. Ra3 Rb6 39. g5 fxg5 40. Nxg5 h6 41.
Nf3 Kf7 42. Ne1 Kg6 43. Kf4 Be2 44. Ke3 Bf1 45. Nc2 Bxh3 46. Rxa7 Bf5 47. Kd2
h5 48. Ne3 Rxb4 49. Kc3 Rb8 50. Nxf5 exf5 51. f4 Rb1 52. Rc7 Rc1+ 53. Kd2 Rc4
54. Kd3 h4 55. Rc8 h3 56. Rh8 Ra4 57. Kc3 Kf7 58. Rh5 g6 59. Rh7+ Kg8 60. Rh4
Kg7 61. Kd3 Ra2 62. Kc3 h2 63. Kb3 Rf2  0-1

[Event "8th ITLukavac 2019"]
[Site "Lukavac, hotel Lukavac"]
[Date "2019.11.25"]
[Round "6"]
[Board "6"]
[White "Pleh, Semir"]
[Black "Kuzmanovic, Slobodan"]
[Result "0-1"]
[WhiteElo "1815"]
[BlackElo "2144"]
[PlyCount "106"]
[EventDate "2019.11.22"]
[EventRounds "7"]
[EventCountry "BIH"]

1. c4 e6 2. Nc3 Nf6 3. d4 d5 4. Nf3 c5 5. e3 Nc6 6. Be2 cxd4 7. exd4 dxc4 8.
Bxc4 Be7 9. O-O Nb4 10. Bf4 O-O 11. h3 b6 12. Qe2 Bb7 13. Rfd1 Nbd5 14. Be5
Nxc3 15. bxc3 Rc8 16. Nd2 Qd7 17. Rac1 Bd5 18. Ba6 Bb7 19. Bb5 Qd5 20. f3 Qd8
21. Bd3 Ba3 22. Rc2 Nd5 23. Nb1 Bd6 24. Be4 Bxe5 25. dxe5 Qc7 26. c4 Nf4 27.
Qe3 Bxe4 28. Qxe4 Ng6 29. f4 Qc5+ 30. Kh2 Rfd8 31. Rcd2 Rxd2 32. Nxd2 Qf2 33.
Nf3 Qxa2 34. Qb7 Rf8 35. Rd7 Qxc4 36. g3 h6 37. h4 Nh8 38. Nd2 Qc2 39. Kg1 Rc8
40. Kf2 Rc3 41. Rd8+ Kh7 42. Qa8 Kg6 43. g4 h5 44. Qg2 Kh7 45. gxh5 Rc8 46. Rd7
Qc5+ 47. Kg3 Qe3+ 48. Kg4 Kh6 49. Nf3 Rc4 50. Qg3 Qe4 51. Kh3 Qxf4 52. Rxa7
Qf5+ 53. Kg2 Rg4  0-1

[Event "8th ITLukavac 2019"]
[Site "Lukavac, hotel Lukavac"]
[Date "2019.11.25"]
[Round "6"]
[Board "7"]
[White "Terzic, Ilijas"]
[Black "Bajramovic, Halid"]
[Result "1/2-1/2"]
[WhiteElo "2120"]
[BlackElo "2066"]
[PlyCount "26"]
[EventDate "2019.11.22"]
[EventRounds "7"]
[EventCountry "BIH"]

1. d4 d5 2. Nf3 Bf5 3. c4 e6 4. Nc3 c6 5. e3 h6 6. Be2 Nf6 7. O-O Be7 8. b3 O-O
9. Bb2 Nbd7 10. a3 Re8 11. b4 Bd6 12. Rc1 Qe7 13. h3 Rad8  1/2-1/2

[Event "8th ITLukavac 2019"]
[Site "Lukavac, hotel Lukavac"]
[Date "2019.11.25"]
[Round "6"]
[Board "8"]
[White "Mujacic, Haris"]
[Black "Markovic, Dino"]
[Result "0-1"]
[WhiteElo "2025"]
[BlackElo "2119"]
[PlyCount "118"]
[EventDate "2019.11.22"]
[EventRounds "7"]
[EventCountry "BIH"]

1. e4 e6 2. d4 d5 3. Nd2 dxe4 4. Nxe4 Bd7 5. Nf3 Bc6 6. Bd3 Nd7 7. O-O Ngf6 8.
Qe2 Be7 9. Bf4 O-O 10. c4 Bxe4 11. Bxe4 Nxe4 12. Qxe4 c6 13. Rad1 Nf6 14. Qc2
Qb6 15. Rd3 Rfd8 16. Rfd1 Qa5 17. Rb3 b6 18. Ne5 Rac8 19. Rh3 Rxd4 20. Nd3 Rcd8
21. b3 Qf5 22. Bc1 Ng4 23. Rf3 Qh5 24. Rh3 Qf5 25. Rf3 Qa5 26. h3 Ne5 27. Re3
Nxd3 28. Rexd3 Rxd3 29. Rxd3 Rxd3 30. Qxd3 Qe1+ 31. Qf1 Qxf1+ 32. Kxf1 Kf8 33.
Ke2 Bc5 34. f3 Ke7 35. Kd3 e5 36. Ke4 Ke6 37. g4 f6 38. f4 exf4 39. Bxf4 Bd6
40. Be3 g6 41. a4 f5+ 42. Kf3 Bc5 43. Bd2 Ke5 44. Bc3+ Bd4 45. Bd2 fxg4+ 46.
hxg4 h5 47. gxh5 gxh5 48. a5 b5 49. Bf4+ Kf5 50. a6 bxc4 51. bxc4 h4 52. Bb8 h3
53. Bc7 Be5 54. Bb6 h2 55. Kg2 Bb8 56. c5 Ke4 57. Kh1 Kd4 58. Kg2 Kc4 59. Bd8
Kxc5  0-1

[Event "8th ITLukavac 2019"]
[Site "Lukavac, hotel Lukavac"]
[Date "2019.11.25"]
[Round "6"]
[Board "9"]
[White "Sestic, Nermin"]
[Black "Mesic, Ismet"]
[Result "1-0"]
[WhiteElo "2105"]
[BlackElo "1964"]
[PlyCount "109"]
[EventDate "2019.11.22"]
[EventRounds "7"]
[EventCountry "BIH"]

1. d4 Nf6 2. Nf3 g6 3. c4 Bg7 4. e3 O-O 5. Be2 c5 6. O-O cxd4 7. Nxd4 Nc6 8. b3
Nxd4 9. exd4 d5 10. Bb2 b6 11. Bf3 Bb7 12. Nc3 Rc8 13. Rc1 Qd7 14. Ne2 Ne4 15.
Ng3 e6 16. Ba3 Rfd8 17. c5 bxc5 18. dxc5 Bf8 19. b4 a5 20. Nxe4 dxe4 21. Be2
axb4 22. Bxb4 Qxd1 23. Rfxd1 Rxd1+ 24. Bxd1 Bc6 25. Be2 Bd5 26. a3 f5 27. Bb5
Kf7 28. Bd7 Rb8 29. c6 Bxc6 30. Rxc6 Bxb4 31. Bxe6+ Kg7 32. axb4 Rxb4 33. g3
Rb1+ 34. Kg2 Rb2 35. Rc3 h6 36. Bb3 Kf6 37. Bc2 Rb6 38. Kf1 Ra6 39. Rc5 Ra1+
40. Ke2 Ra6 41. f3 exf3+ 42. Kxf3 Ra3+ 43. Ke2 Ra6 44. Bd3 Rd6 45. Bb5 Rd4 46.
Ke3 Rb4 47. Rc6+ Kg7 48. Bd3 Rb2 49. h4 Rb3 50. Kd4 Rb2 51. h5 gxh5 52. Bxf5
Rb4+ 53. Ke5 Rb5+ 54. Kf4 Rb4+ 55. Be4  1-0

[Event "8th ITLukavac 2019"]
[Site "Lukavac, hotel Lukavac"]
[Date "2019.11.25"]
[Round "6"]
[Board "10"]
[White "Acimovic, Radivoje"]
[Black "Ozkurt, Kutay"]
[Result "1/2-1/2"]
[WhiteElo "2077"]
[BlackElo "1708"]
[PlyCount "57"]
[EventDate "2019.11.22"]
[EventRounds "7"]
[EventCountry "BIH"]

1. e4 c5 2. Nf3 Nc6 3. d4 cxd4 4. Nxd4 e5 5. Nb5 d6 6. N1c3 a6 7. Na3 Be7 8.
Nc4 b5 9. Ne3 Nf6 10. Ned5 O-O 11. Nxf6+ Bxf6 12. Nd5 Bg5 13. c3 Bxc1 14. Qxc1
f5 15. exf5 Bxf5 16. a4 Qh4 17. Qd2 Kh8 18. Be2 Na5 19. Ra3 Nc4 20. Bxc4 bxc4
21. O-O Bd3 22. Re1 Rf5 23. Ne3 Rh5 24. Nf1 Rf5 25. Ng3 Rf4 26. b3 Raf8 27.
bxc4 Bxc4 28. Nh1 R4f6 29. Raa1  1/2-1/2

[Event "8th ITLukavac 2019"]
[Site "Lukavac, hotel Lukavac"]
[Date "2019.11.25"]
[Round "6"]
[Board "13"]
[White "Mahmutbegovic, Muharem"]
[Black "Stavnjak, Lazar"]
[Result "1-0"]
[WhiteElo "2042"]
[BlackElo "2207"]
[PlyCount "49"]
[EventDate "2019.11.22"]
[EventRounds "7"]
[EventCountry "BIH"]

1. e4 c5 2. Nf3 Nc6 3. d4 cxd4 4. Nxd4 Nf6 5. Nc3 d6 6. Bc4 g6 7. f3 Bg7 8. Be3
a6 9. Qd2 Qc7 10. Bb3 Bd7 11. g4 Nxd4 12. Bxd4 e5 13. Be3 Be6 14. g5 Nd7 15.
O-O-O Bf8 16. Nd5 Bxd5 17. Qxd5 Nc5 18. Bxc5 dxc5 19. Ba4+ Ke7 20. Qd7+ Qxd7
21. Rxd7+ Ke6 22. Rxb7 c4 23. Bd7+ Ke7 24. Rd1 Bg7 25. Bc6+  1-0

[Event "8th ITLukavac 2019"]
[Site "Lukavac, hotel Lukavac"]
[Date "2019.11.25"]
[Round "6"]
[Board "14"]
[White "Lipovcic, Marko"]
[Black "Selimovic, Amir"]
[Result "1-0"]
[WhiteElo "2167"]
[BlackElo "1958"]
[PlyCount "63"]
[EventDate "2019.11.22"]
[EventRounds "7"]
[EventCountry "BIH"]

1. c4 Nf6 2. Nf3 g6 3. g3 Bg7 4. Bg2 d6 5. Nc3 O-O 6. O-O a6 7. Rb1 c5 8. d3
Nc6 9. a3 Rb8 10. b4 cxb4 11. axb4 b5 12. cxb5 axb5 13. Qc2 Bd7 14. h3 Qc8 15.
Bg5 Bxh3 16. Bxf6 Bxf6 17. Nd5 Bxg2 18. Nxf6+ exf6 19. Kxg2 Ne5 20. Qxc8 Rfxc8
21. Nd4 Nc6 22. Nf3 Ra8 23. Rfc1 Kf8 24. d4 Ne7 25. e4 Rxc1 26. Rxc1 Ra4 27.
Rc7 Rxb4 28. Rd7 f5 29. e5 dxe5 30. Nxe5 Ke8 31. Rxe7+ Kxe7 32. Nc6+  1-0

[Event "8th ITLukavac 2019"]
[Site "Lukavac, hotel Lukavac"]
[Date "2019.11.25"]
[Round "6"]
[Board "15"]
[White "Tonkovic, Robert"]
[Black "Muhibic, Cazim"]
[Result "1-0"]
[WhiteElo "2118"]
[BlackElo "1830"]
[PlyCount "75"]
[EventDate "2019.11.22"]
[EventRounds "7"]
[EventCountry "BIH"]

1. e4 e6 2. d3 d5 3. Nd2 dxe4 4. dxe4 g6 5. Ngf3 Bg7 6. Bc4 Ne7 7. O-O O-O 8.
Qe2 c5 9. c3 Nbc6 10. Rd1 Qc7 11. Re1 e5 12. Nf1 Na5 13. Bd3 c4 14. Bc2 h6 15.
Ne3 Be6 16. h3 b5 17. a4 a6 18. Ng4 Bxg4 19. hxg4 g5 20. Nd2 Ng6 21. g3 Rfd8
22. Nf1 Nb7 23. Be3 Bf8 24. b3 Rac8 25. axb5 axb5 26. Ra7 Qb8 27. Rea1 Nd6 28.
b4 Ne8 29. R7a6 Rd6 30. R6a5 Rd7 31. Bc1 Rb7 32. Ne3 Ne7 33. Nd5 Nc6 34. Ra6
Ra7 35. Be3 Rxa6 36. Rxa6 Ne7 37. Qf3 Qb7 38. Ra7  1-0

[Event "8th ITLukavac 2019"]
[Site "Lukavac, hotel Lukavac"]
[Date "2019.11.25"]
[Round "6"]
[Board "16"]
[White "Softic, Kasim"]
[Black "Katkic, Amel"]
[Result "0-1"]
[WhiteElo "1813"]
[BlackElo "2105"]
[PlyCount "100"]
[EventDate "2019.11.22"]
[EventRounds "7"]
[EventCountry "BIH"]

1. e4 d5 2. exd5 Nf6 3. d4 Nxd5 4. Bd3 g6 5. Nf3 Bg7 6. O-O O-O 7. a3 c6 8. h3
Qc7 9. Qd2 Nd7 10. c4 N5b6 11. Nc3 e5 12. c5 Nd5 13. Bc4 exd4 14. Nxd5 cxd5 15.
Bxd5 Qxc5 16. Ba2 Ne5 17. Nxd4 Bxh3 18. Nb3 Qb6 19. Qe3 Qxe3 20. Bxe3 Be6 21.
Nc5 Bxa2 22. Rxa2 b6 23. Ne4 Nc4 24. Bc1 Rfe8 25. Ng3 h5 26. b3 Na5 27. b4 Nc4
28. f3 Rad8 29. Rc2 b5 30. a4 a6 31. axb5 axb5 32. Ne4 f5 33. Nc5 Bd4+ 34. Kh1
Bxc5 35. bxc5 Rc8 36. Bg5 Rxc5 37. Rd1 b4 38. Rd7 b3 39. Rc3 b2 40. Rb3 Re1+
41. Kh2 b1=Q 42. Rd8+ Kf7 43. Rd7+ Ke6 44. Re7+ Kd6 45. Rxb1 Rxb1 46. Rg7 Ne5
47. Bf4 Ke6 48. Bxe5 Kxe5 49. Rxg6 Kf4 50. Rg7 Rcc1  0-1

[Event "8th ITLukavac 2019"]
[Site "Lukavac, hotel Lukavac"]
[Date "2019.11.25"]
[Round "6"]
[Board "17"]
[White "Savic, Petar A"]
[Black "Music, Edin"]
[Result "1-0"]
[WhiteElo "2099"]
[BlackElo "1479"]
[PlyCount "53"]
[EventDate "2019.11.22"]
[EventRounds "7"]
[EventCountry "BIH"]

1. e4 c5 2. Nf3 d6 3. d4 cxd4 4. Nxd4 Nf6 5. Nc3 a6 6. Be2 e5 7. Nb3 Be6 8. Bg5
Nbd7 9. Qd2 Be7 10. Rd1 b5 11. a3 Qc7 12. O-O O-O 13. Kh1 Rad8 14. Qe3 Nb6 15.
f4 Nc4 16. Bxc4 Bxc4 17. Rfe1 Rfe8 18. Qf3 exf4 19. Bxf4 Be6 20. h3 Nd7 21. Nd4
Ne5 22. Qg3 Bf6 23. Nf5 Bxf5 24. exf5 Qc8 25. Ne4 Qxf5 26. Nxd6 Rxd6 27. Rxd6
 1-0

[Event "8th ITLukavac 2019"]
[Site "Lukavac, hotel Lukavac"]
[Date "2019.11.25"]
[Round "6"]
[Board "18"]
[White "Hamzic, Adil"]
[Black "Barisic, Predrag"]
[Result "0-1"]
[WhiteElo "1701"]
[BlackElo "2045"]
[PlyCount "140"]
[EventDate "2019.11.22"]
[EventRounds "7"]
[EventCountry "BIH"]

1. e4 e5 2. Nf3 Nc6 3. Bb5 a6 4. Bc4 Nf6 5. d3 Be7 6. O-O O-O 7. a4 d5 8. exd5
Nxd5 9. h3 Be6 10. Re1 Qd6 11. c3 Rad8 12. Qe2 Bf6 13. b3 Qd7 14. Bd2 Rfe8 15.
Ng5 Bxg5 16. Bxg5 Nf4 17. Qf1 Bxc4 18. dxc4 f6 19. Bxf4 exf4 20. Na3 Ne5 21.
Nc2 c5 22. Red1 Qf5 23. Ne1 h5 24. Rd5 Rxd5 25. cxd5 Qe4 26. d6 Rd8 27. Rd1 Kf7
28. Nd3 Nxd3 29. Rxd3 g6 30. Qd1 Rd7 31. Rd5 Ke6 32. Rd3 b6 33. Rd2 Kf7 34. Re2
Rxd6 35. Qe1 Qb7 36. Re8 Qd7 37. Rh8 Kg7 38. Qe8 Qxe8 39. Rxe8 Kf7 40. Re1 Rd3
41. Rc1 Rd2 42. c4 a5 43. Kf1 Ke6 44. Ke1 Rb2 45. Rc3 Ke5 46. g3 fxg3 47. Rxg3
g5 48. Kf1 h4 49. Re3+ Kf5 50. Kg2 Kg6 51. Kf3 Rd2 52. Kg2 Kf7 53. Rf3 Rd4 54.
Kh2 Ke6 55. Kg2 f5 56. Re3+ Kf6 57. Kh2 g4 58. hxg4 fxg4 59. Kg1 Kf5 60. Rc3
Ke4 61. Re3+ Kf4 62. Re6 Rd1+ 63. Kh2 Rd2 64. Kg1 Rd1+ 65. Kh2 Kf3 66. Rf6+ Ke2
67. Rxb6 Kxf2 68. Rf6+ Ke3 69. Rh6 Rd2+ 70. Kg1 Kf3  0-1

[Event "8th ITLukavac 2019"]
[Site "Lukavac, hotel Lukavac"]
[Date "2019.11.25"]
[Round "6"]
[Board "19"]
[White "Sakic, Dino"]
[Black "Mitrovic, Jovica"]
[Result "0-1"]
[WhiteElo "1801"]
[BlackElo "2076"]
[PlyCount "84"]
[EventDate "2019.11.22"]
[EventRounds "7"]
[EventCountry "BIH"]

1. e4 e5 2. Nf3 Nc6 3. Bb5 a6 4. Ba4 Nf6 5. O-O Be7 6. Re1 b5 7. Bb3 O-O 8. h3
d6 9. c3 Na5 10. Bc2 c5 11. d4 Qc7 12. Nbd2 cxd4 13. cxd4 Nc6 14. Nf1 Nb4 15.
Bb3 a5 16. a3 Na6 17. Bd2 a4 18. Ba2 Bd7 19. Rc1 Qb8 20. dxe5 dxe5 21. Nxe5
Qxe5 22. Bc3 Qg5 23. Bxf6 Bxf6 24. Qxd7 Bxb2 25. Rb1 Bxa3 26. Rxb5 Qe7 27. Qg4
Bc5 28. Ng3 g6 29. e5 Nb4 30. Nf5 Qc7 31. Bc4 a3 32. e6 a2 33. Ra1 fxe6 34.
Bxe6+ Kh8 35. Rxb4 Qe5 36. Rxa2 Rxa2 37. Bxa2 Qe1+ 38. Kh2 Qxb4 39. Qxb4 Bxb4
40. Ne3 Rxf2 41. Bd5 Bd6+ 42. Kg1 Rd2  0-1

[Event "8th ITLukavac 2019"]
[Site "Lukavac, hotel Lukavac"]
[Date "2019.11.25"]
[Round "6"]
[Board "20"]
[White "Jovovic, Milan"]
[Black "Janjic, Nikola"]
[Result "1-0"]
[WhiteElo "2061"]
[BlackElo "1896"]
[PlyCount "45"]
[EventDate "2019.11.22"]
[EventRounds "7"]
[EventCountry "BIH"]

1. d4 d5 2. Bf4 Nf6 3. e3 e6 4. Nf3 c5 5. c3 Nc6 6. Nbd2 Bd6 7. Bg3 O-O 8. Bd3
Re8 9. Ne5 Qc7 10. f4 b6 11. Qf3 Bb7 12. Bf2 Nd7 13. Bxh7+ Kf8 14. Bh4 Ndxe5
15. fxe5 Be7 16. Bg3 Bg5 17. h4 Bh6 18. Bf4 Bxf4 19. Qxf4 cxd4 20. exd4 f5 21.
g4 Qf7 22. h5 Ne7 23. Nf3  1-0

[Event "8th ITLukavac 2019"]
[Site "Lukavac, hotel Lukavac"]
[Date "2019.11.25"]
[Round "6"]
[Board "21"]
[White "Pasalic, Adnan"]
[Black "Mulic, Sulejman"]
[Result "1-0"]
[WhiteElo "2029"]
[BlackElo "1892"]
[PlyCount "71"]
[EventDate "2019.11.22"]
[EventRounds "7"]
[EventCountry "BIH"]

1. d4 Nf6 2. c4 d6 3. Nc3 g6 4. e4 Bg7 5. Nf3 O-O 6. Be2 e5 7. O-O Nc6 8. d5
Ne7 9. Ne1 a5 10. Be3 Nd7 11. Nd3 b6 12. Nb5 Nc5 13. Nxc5 bxc5 14. Qd2 f5 15.
f3 f4 16. Bf2 Bd7 17. Bh4 Bf6 18. Qe1 g5 19. Bf2 Ng6 20. a3 Qb8 21. Qd2 Qb7 22.
b4 axb4 23. axb4 Bxb5 24. cxb5 cxb4 25. Qxb4 Be7 26. Rfc1 Rfb8 27. Qc3 Rxa1 28.
Rxa1 Bd8 29. Ra7 Qc8 30. Qc6 Kf8 31. b6 Ne7 32. b7 Qe6 33. Qa4 Nxd5 34. exd5
Qxd5 35. Qd7 c5 36. Qc8  1-0

[Event "8th ITLukavac 2019"]
[Site "Lukavac, hotel Lukavac"]
[Date "2019.11.25"]
[Round "6"]
[Board "22"]
[White "Sajin, Mirko"]
[Black "Pestek, Elvis"]
[Result "1/2-1/2"]
[WhiteElo "1679"]
[BlackElo "1972"]
[PlyCount "167"]
[EventDate "2019.11.22"]
[EventRounds "7"]
[EventCountry "BIH"]

1. e4 e6 2. d3 d5 3. Nd2 Nf6 4. Ngf3 b6 5. e5 Nfd7 6. g3 c5 7. Bg2 Qc7 8. Qe2
Bb7 9. O-O Nc6 10. Re1 Be7 11. b3 O-O 12. Bb2 Rae8 13. h4 Nb4 14. Nf1 d4 15. a3
Nd5 16. Qd2 a5 17. a4 Bd8 18. N1h2 f6 19. exf6 gxf6 20. Ng4 Kh8 21. Nh6 Nb8 22.
Bc1 Na6 23. Ng4 Nab4 24. Ba3 Rg8 25. Nh6 Rg6 26. Bxb4 Nxb4 27. Rac1 Nd5 28. h5
Rg7 29. Nf5 Rgg8 30. Nh6 Rgf8 31. Ng4 Qg7 32. Ngh2 Rg8 33. Kh1 Qf7 34. Qh6 Qg7
35. Qd2 Be7 36. Rg1 Bd6 37. Rce1 Qf7 38. g4 Bf4 39. Qe2 Nc3 40. Qf1 Qc7 41. Ra1
Bxf3 42. Nxf3 Rxg4 43. Bh3 Rxg1+ 44. Nxg1 Qf7 45. Bg4 Rg8 46. Qh3 f5 47. Bf3
Rg7 48. Ne2 Nxe2 49. Bxe2 Bb8 50. Bf3 Qc7 51. Rg1 Qf4 52. Rxg7 Kxg7 53. Kg2 Kf6
54. Bc6 Kg5 55. Bf3 h6 56. Qg3+ Qxg3+ 57. fxg3 Bd6 58. Be2 e5 59. Bf3 Be7 60.
Kh3 Bf6 61. Kg2 Bd8 62. Kh3 Bc7 63. Kg2 Bd6 64. Kh3 Kf6 65. Bd5 Be7 66. Kg2 Kg5
67. Bf3 Bd8 68. Kh3 Kf6 69. Bd5 Bc7 70. Kg2 Ke7 71. Bf3 Ke6 72. Bc6 Bd8 73. Kf3
Bg5 74. g4 e4+ 75. dxe4 fxg4+ 76. Kxg4 Ke5 77. Kf3 Kd6 78. Bb5 Ke5 79. Bd3 Be7
80. Bc4 Bd6 81. Bb5 Kf6 82. Kg4 Bh2 83. Bc4 Ke5 84. Kf3  1/2-1/2

[Event "8th ITLukavac 2019"]
[Site "Lukavac, hotel Lukavac"]
[Date "2019.11.25"]
[Round "6"]
[Board "23"]
[White "Tomic, Jelena"]
[Black "Imamovic, Smajl"]
[Result "1-0"]
[WhiteElo "1961"]
[BlackElo "1890"]
[PlyCount "73"]
[EventDate "2019.11.22"]
[EventRounds "7"]
[EventCountry "BIH"]

1. e4 e5 2. Nf3 Nc6 3. Bb5 Bc5 4. c3 Qf6 5. O-O Nge7 6. d3 O-O 7. Bg5 Qe6 8. d4
exd4 9. cxd4 f6 10. Be3 Bb6 11. d5 Qxe4 12. Nc3 Qb4 13. Bxb6 axb6 14. dxc6 dxc6
15. a3 Qxb2 16. Bc4+ Kh8 17. Na4 Rxa4 18. Qxa4 b5 19. Qb3 Qxb3 20. Bxb3 c5 21.
Rfe1 Nc6 22. Bd5 Na5 23. Rab1 c6 24. Be6 b6 25. Nd2 h6 26. Nb3 Nb7 27. Rbd1 b4
28. axb4 cxb4 29. Bxc8 Rxc8 30. Rd7 Nc5 31. Nxc5 bxc5 32. Rc1 c4 33. Rxc4 c5
34. Rd5 Re8 35. Kf1 b3 36. Rdxc5 b2 37. Rb5  1-0